000 00579nam a2200193 a 4500
001 614
003 CO-ViMGA
008 141112s2004 ck r 000 u spa d
040 _aCO-ViMGA
_bspa
_cCO-ViMGA
082 0 4 _a895.5 P173m
100 1 _aPaterson, Katherine
_93227
245 1 0 _aEl maestro de las marionetas
260 _aBogotá :
_bNorma,
_c1997
300 _a280 p : il
490 _aTorre de papel
590 _aForma de adquisición : comra proyecto 2005 1 ejs - - Precio :
_17.010 1 ej. - - Ejemplares : 2
650 1 4 _aNOVELA ESTADOUNIDENSE
_9761
942 _2ddc
_cBK
999 _c12853
_d12853